| 000 | 00000nam##2200000za#4500 |
| 001 | 9.696327 |
| 003 | CaOODSP |
| 005 | 20210624235001 |
| 007 | cr ||||||||||| |
| 008 | 150407|2004||||xxc|||||o f|0| 0 eng|d |
| 040 | |aCaOODSP|beng |
| 043 | |an-cn--- |
| 086 | 1 |aH22-4/7-2004E-PDF |
| 110 | 1 |aCanada.|bHealth Canada. |bHealth Policy Branch. |
| 245 | 10|aLiterature review and environmental scan of preferred practices for deployment of health human resources and decision support tools - final report / |h[electronic resource]|csubmitted by North South Group Inc. |
| 246 | 1 |aFinal report - North South Group Inc. |
| 260 | |aOttawa - Ontario : |bHealth Canada. |cc2004. |
| 300 | |a198p.|btables |
| 500 | |a"Contract Reference: H 654130-15, final report, June 28, 2004". |
| 504 | |aBibliography. |
| 590 | |a12-27-Supp|b2012-06-12 |
| 710 | 2 |aNorth South Group Inc. |
| 775 | 08|tÉtude documentaire et analyse du contexte entourant les pratiques privilégiées de déploiement des ressources humaines en santé et les outils d'aide à la décision - rapport final / |w(CaOODSP)9.640452 |
| 856 | 40|ahttp://publications.gc.ca|qPDF|s909 KB|uhttps://publications.gc.ca/collections/collection_2012/sc-hc/H22-4-7-2004-eng.pdf |
| 986 | |aContract reference: H 654130-15 |